00456nam a2200181 a 4500001001300000003000900013005001700022008004100039020001000080082001900090100001900109245003600128260002800164300000900192500003500201650001900236700001900255nice12345678IN_TiNIC20260116014959.0070718s1995 boma grp 000 0 eng  ac10000a266.00954bMAT aMattam, Joseph aDimensions of Missions in India aBombaybSt. Paulsc1995 a216p aincludes index and biblioraphy aMissions-India1 aMattam, Joseph